UBT Library

Personality not included : (Record no. 829)

000 -LEADER
fixed length control field 00599nam a22001817a 4500
008 - FIXED-LENGTH DATA ELEMENTS--GENERAL INFORMATION
fixed length control field 150519b xxu||||| |||| 00| 0 eng d
020 ## - INTERNATIONAL STANDARD BOOK NUMBER
International Standard Book Number 9780071545211
041 0# - LANGUAGE CODE
Language code of text/sound track or separate title eng
080 ## - UNIVERSAL DECIMAL CLASSIFICATION NUMBER
Universal Decimal Classification number 658 BHA
100 ## - Rafti
Rafti Bhargava, Rohit.
245 00 - TITLE STATEMENT
Title Personality not included :
Statement of responsibility, etc Rohit Bhargava.
260 ## -
-- New York :
-- McGraw-Hill,
-- c2008.
300 ## -
-- 300 f
-- me il
-- 22 cm.
500 ## -
-- Includes bibliographical references and index.
650 #0 -
-- Branding (Marketing)
650 #0 -
-- Authenticity (Philosophy)
942 ## - ADDED ENTRY ELEMENTS (KOHA)
Source of classification or shelving scheme
Item type Books
Holdings
Withdrawn status Lost status Source of classification or shelving scheme Damaged status Not for loan Collection code Permanent location Current location Shelving location Date acquired Total Checkouts Full call number Date last seen Price effective from Koha item type
          Koleksioni i përgjithshem UBT - Lipjan UBT - Lipjan Koleksioni i përgjithshem 05/19/2015   658 BHA 05/19/2015 05/19/2015 Books
UBT Library © 2015-2024. All rights reserved University Education for Business and Technology